000 01484nam a2200253Ia 4500
003 Ost
005 20260416102352.0
008 260416s9999||||xx |||||||||||||| ||und||
040 _cfsecg
041 _aara
082 _a346.07
100 _aطالب، ياسين
_eمؤلف
245 0 _aدروس في القانون التجاري /
_c ياسين طالب
260 _aالجزائر
_bجامعة الجزائر3: كلية العلوم الإقتصادية، العلوم التجارية وعلوم التسيير
_c2017
300 _a124 ورقة
_bايضاحات
_c30 سم
504 _aمراجع ص.119
520 _aعموميات حول القانون، مفهوم القانون التجاري تطوره التاريخي وعلاقته بفروع القانونة، التمييز بين الاعمال المدنية والاعمال التجارية، مصادر القانون التجاري، الاعمال التجارية، نظرية التاجر، المحل التجاري، الاوراق التجارية، الافلاس التجاري، العمليات المصرفية للبنوك والمؤسسات المالية
653 _aالافلاس
653 _aالأوراق التجارية
653 _aالبنوك
653 _aالقانون التجاري
710 _aجامعة الجزائر3: كلية العلوم الإقتصادية، العلوم التجارية وعلوم التسيير
_eناشر علمي
942 _cHANDOUT
999 _c41041
_d41041